00547 a2200145 4500001000700000040002200007041001600029082002100045245020500066260002800271300000700299362001300306490002800319500005400347143726 cLeonardo Da Vinci aPortuguês a378.155 E26bE26 aA EDUCAÇÃO brasileira no limiar do novo séculobArtigos extraídos de simpósios promovidos pelo Centro de Integração Empresa-Escola - CIEE em parceria com o jornal O Estado de São Paulo bCIEEc1998aSão Paulo a79 a19981015 vv. 19aColeção CIEE aSimpósio aconteceu no dia 15 de Outubro de 1998